书目信息 |
| 题名: |
羌族
|
|
| 作者: | 胡秀丹 编著 | |
| 分册: | ||
| 出版信息: | 长春 吉林文史出版社 2010 |
|
| 页数: | 120页 | |
| 开本: | 23cm | |
| 丛书名: | 中国文化知识读本 | |
| 单 册: | ||
| 中图分类: | K287.4 | |
| 科图分类: | ||
| 主题词: | 羌族--民族文化--中国 | |
| 电子资源: | ||
| ISBN: | 978-7-5463-2922-2 | |
| 000 | 00852nam 2200241 450 | |
| 001 | 2348385458 | |
| 005 | 20231209132703.83 | |
| 010 | @a978-7-5463-2922-2@dCNY 34.80 | |
| 100 | @a20181018d2010 em y0chiy50 ea | |
| 101 | 0 | @achi |
| 102 | @aCN@b220000 | |
| 105 | @aa z 000yy | |
| 200 | 1 | @a羌族@Aqiang zu@9qiang zu@f胡秀丹编著 |
| 210 | @a长春@c吉林文史出版社@d2010 | |
| 215 | @a120页@c图@d23cm | |
| 225 | 2 | @a中国文化知识读本@Azhong guo wen hua zhi shi du ben |
| 330 | @a本书内容包括: 立足民族之林的俊山秀水、独特的服饰尽显羌族风情、精美饮食中品味地方特色、石砌的建筑凝聚集体智慧、婚嫁习俗中看醇厚古遗风、一杯飘香酒欢庆多彩节日等。 | |
| 410 | 0 | @12001 @a中国文化知识读本 |
| 606 | 0 | @a羌族@x民族文化@y中国 |
| 690 | @aK287.4@v5 | |
| 701 | 0 | @a胡秀丹@Ahu xiu dan@9hu xiu dan@4编著 |
| 801 | 0 | @aCN@b湖北三新@c20181018 |
| 905 | @aBZT@dK287.4@e2 | |
| 羌族/胡秀丹编著.-长春:吉林文史出版社,2010 |
| 120页:图;23cm.-(中国文化知识读本) |
| ISBN 978-7-5463-2922-2:CNY 34.80 |
| 本书内容包括: 立足民族之林的俊山秀水、独特的服饰尽显羌族风情、精美饮食中品味地方特色、石砌的建筑凝聚集体智慧、婚嫁习俗中看醇厚古遗风、一杯飘香酒欢庆多彩节日等。 |
| ● |
| 相关链接 |
|
|
|
正题名:羌族
索取号:K287.4/2
 
预约/预借
| 序号 | 登录号 | 条形码 | 馆藏地/架位号 | 状态 | 备注 |
| 1 | 2001582424 | 2001582424 | 辽三/辽宁北配(第三批)/1832/ [索取号:K287.4/2] | 在馆 | |
| 2 | 2001582425 | 2001582425 | 辽三/辽宁北配(第三批)/1832/ [索取号:K287.4/2] | 在馆 | |
| 3 | 2001582426 | 2001582426 | 辽三/辽宁北配(第三批)/1832/ [索取号:K287.4/2] | 在馆 | |
| 4 | 2001582427 | 2001582427 | 辽三/辽宁北配(第三批)/1832/ [索取号:K287.4/2] | 在馆 | |
| 5 | 2001582428 | 2001582428 | 辽三/辽宁北配(第三批)/1832/ [索取号:K287.4/2] | 在馆 | |
| 6 | 2001582429 | 2001582429 | 辽三/辽宁北配(第三批)/1832/ [索取号:K287.4/2] | 在馆 | |
| 7 | 2001582430 | 2001582430 | 辽三/辽宁北配(第三批)/1832/ [索取号:K287.4/2] | 在馆 | |
| 8 | 2001582431 | 2001582431 | 辽三/辽宁北配(第三批)/1832/ [索取号:K287.4/2] | 在馆 | |
| 9 | 2001582432 | 2001582432 | 辽三/辽宁北配(第三批)/1832/ [索取号:K287.4/2] | 在馆 | |
| 10 | 2001582433 | 2001582433 | 辽三/辽宁北配(第三批)/1832/ [索取号:K287.4/2] | 在馆 | |
| 11 | 2001582434 | 2001582434 | 辽三/辽宁北配(第三批)/1832/ [索取号:K287.4/2] | 在馆 | |
| 12 | 2001582435 | 2001582435 | 辽三/辽宁北配(第三批)/1832/ [索取号:K287.4/2] | 在馆 | |
| 13 | 2001582436 | 2001582436 | 辽三/辽宁北配(第三批)/1832/ [索取号:K287.4/2] | 在馆 | |
| 14 | 2001582437 | 2001582437 | 辽三/辽宁北配(第三批)/1832/ [索取号:K287.4/2] | 在馆 | |
| 15 | 2001582438 | 2001582438 | 辽三/辽宁北配(第三批)/1832/ [索取号:K287.4/2] | 在馆 | |
| 16 | 2001582439 | 2001582439 | 辽三/辽宁北配(第三批)/1832/ [索取号:K287.4/2] | 在馆 | |
| 17 | 2001582440 | 2001582440 | 辽三/辽宁北配(第三批)/1833/ [索取号:K287.4/2] | 在馆 | |
| 18 | 2001582441 | 2001582441 | 辽三/辽宁北配(第三批)/1833/ [索取号:K287.4/2] | 在馆 | |
| 19 | 2001582442 | 2001582442 | 辽三/辽宁北配(第三批)/1833/ [索取号:K287.4/2] | 在馆 | |
| 20 | 2001582443 | 2001582443 | 辽三/辽宁北配(第三批)/1833/ [索取号:K287.4/2] | 在馆 | |
| 21 | 2001582444 | 2001582444 | 辽三/辽宁北配(第三批)/1833/ [索取号:K287.4/2] | 在馆 | |
| 22 | 2001582445 | 2001582445 | 辽三/辽宁北配(第三批)/1833/ [索取号:K287.4/2] | 在馆 | |
| 23 | 2001582446 | 2001582446 | 辽三/辽宁北配(第三批)/1833/ [索取号:K287.4/2] | 在馆 | |
| 24 | 2001582447 | 2001582447 | 辽三/辽宁北配(第三批)/1833/ [索取号:K287.4/2] | 在馆 | |
| 25 | 2001582448 | 2001582448 | 辽三/辽宁北配(第三批)/1833/ [索取号:K287.4/2] | 在馆 | |
| 26 | 2001582449 | 2001582449 | 辽三/辽宁北配(第三批)/1833/ [索取号:K287.4/2] | 在馆 | |
| 27 | 2001582450 | 2001582450 | 辽三/辽宁北配(第三批)/1833/ [索取号:K287.4/2] | 在馆 | |
| 28 | 2001582451 | 2001582451 | 辽三/辽宁北配(第三批)/1833/ [索取号:K287.4/2] | 在馆 | |
| 29 | 2001582452 | 2001582452 | 辽三/辽宁北配(第三批)/1833/ [索取号:K287.4/2] | 在馆 | |
| 30 | 2001582453 | 2001582453 | 辽三/辽宁北配(第三批)/1833/ [索取号:K287.4/2] | 在馆 |